| 000 | 00435nam a2200181Ia 4500 | ||
|---|---|---|---|
| 008 | 170918s9999 xx 000 0 und d | ||
| 020 | _a74754624X | ||
| 050 | _bR884 2000 | ||
| 100 | _aRowling, J.K. | ||
| 245 | _aHarry Potter and the goblet of fire / | ||
| 245 | _cby J.K. Rowling. | ||
| 260 | _aLondon : | ||
| 260 | _bBloomsbury, | ||
| 260 | _c2000 | ||
| 300 | _a636 pages : | ||
| 300 | _billustrations ; | ||
| 300 | _c20cm. | ||
| 999 |
_c343550 _d343550 |
||